| 000 | 01749cam a2200301 i 4500 | ||
|---|---|---|---|
| 001 | 20225843 | ||
| 005 | 20260318141109.0 | ||
| 008 | 171219s2018 miu b 000 0deng | ||
| 010 | _a 2017059998 | ||
| 020 | _a9780801077760 | ||
| 035 | _a20225843 | ||
| 040 |
_aDLC _beng _cDLC _erda _dDLC |
||
| 042 | _apcc | ||
| 245 | 0 | 0 |
_a12 faithful men : _bportraits of courageous endurance in pastoral ministry / _cCollin Hansen and Jeff Robinson, Eds. |
| 246 | 3 | _aTwelve faithful men | |
| 264 | 1 |
_aGrand Rapids, Michigan : _bBaker Books, _cc2018. |
|
| 300 |
_a187 pages ; _c22 cm |
||
| 336 |
_atext _btxt _2rdacontent |
||
| 337 |
_aunmediated _bn _2rdamedia |
||
| 338 |
_avolume _bnc _2rdacarrier |
||
| 504 | _aIncludes bibliographical references (pages 179-187). | ||
| 505 | 0 | _aIntro; Title Page; Copyright Page; Endorsements; Contents; Foreword; 1. Paul: Apostle of Pastoral Affliction; 2. John Calvin (1509-64): Faithful in Exile; 3. John Bunyan (1628-88): Faithful in Prison; 4. Jonathan Edwards (1703-58): Faithful to the End; 5. John Newton (1725-1807): Faithful amid Disappointment; 6. Andrew Fuller (1754-1815): Faithful amid Heartbreak; 7. Charles Simeon (1759-1836): Faithful Shepherd to Hostile Sheep; 8. John Chavis (1763-1838): Faithful in the Face of Racism; 9. C.H. Spurgeon (1834-92): Faithful in Sorrow; 10. J.C. Ryle (1816-1900): Faithful amid Personal Ruin. 11. Janani Luwum (1922-77): Faithful unto Death12. Wang Ming-Dao (1900-1991): Faithful amid Political Coercion; Notes; About the Editors; Back Ads; Back Cover. | |
| 650 | 0 |
_aSuffering _xReligious aspects _xChristianity. |
|
| 650 | 0 | _aChristian biography. | |
| 700 | 1 |
_aHansen, Collin, _d1981- _eeditor. |
|
| 700 | 1 |
_aRobinson, C. Jeffrey, _cSr., _eeditor. |
|
| 942 |
_2lcc _cBK |
||
| 999 |
_c55507 _d55507 |
||